000
00183 a2200097 4500
001
8441
090
_c
6810
_d
6810
100
_a
Frost,W
245
_a
The age of chaucer
260
_b
Printic Hall
942
_a
NUST-CAE
999
_c
243514
_d
243514